|
|
|
|
| LEADER |
01858nam a2200421 i 4500 |
| 001 |
EBC1963388 |
| 003 |
MiAaPQ |
| 005 |
20200520144314.0 |
| 006 |
m o d | |
| 007 |
cr cnu|||||||| |
| 008 |
150108t20152015nyuad ob 001 0 eng|d |
| 020 |
|
|
|z 9783319126661 (alk. paper)
|
| 020 |
|
|
|a 9783319126678 (e-book)
|
| 035 |
|
|
|a (MiAaPQ)EBC1963388
|
| 035 |
|
|
|a (Au-PeEL)EBL1963388
|
| 035 |
|
|
|a (CaPaEBR)ebr11017370
|
| 035 |
|
|
|a (CaONFJC)MIL766499
|
| 035 |
|
|
|a (OCoLC)902724623
|
| 040 |
|
|
|a MiAaPQ
|b eng
|e rda
|e pn
|c MiAaPQ
|d MiAaPQ
|
| 050 |
|
4 |
|a HG4650
|b .B65 2015
|
| 100 |
1 |
|
|a Bolder, David Jamieson,
|e author.
|
| 245 |
1 |
0 |
|a Fixed-income portfolio analytics :
|b a practical guide to implementing, monitoring and understanding fixed-income portfolios /
|c David Jamieson Bolder.
|
| 264 |
|
1 |
|a New York, New York :
|b Springer,
|c [2015]
|
| 264 |
|
4 |
|c 2015
|
| 300 |
|
|
|a 1 online resource (559 pages) :
|b illustrations (chiefly color)
|
| 336 |
|
|
|a text
|2 rdacontent
|
| 337 |
|
|
|a computer
|2 rdamedia
|
| 338 |
|
|
|a online resource
|2 rdacarrier
|
| 504 |
|
|
|a Includes bibliographical references and indexes.
|
| 588 |
|
|
|a Description based on print version record.
|
| 590 |
|
|
|a Electronic reproduction. Ann Arbor, MI : ProQuest, 2015. Available via World Wide Web. Access may be limited to ProQuest affiliated libraries.
|
| 650 |
|
0 |
|a Fixed-income securities.
|
| 650 |
|
0 |
|a Portfolio management.
|
| 650 |
|
0 |
|a Investment analysis.
|
| 655 |
|
4 |
|a Electronic books.
|
| 776 |
0 |
8 |
|i Print version:
|a Bolder, David Jamieson.
|t Fixed-income portfolio analytics : a practical guide to implementing, monitoring and understanding fixed-income portfolios.
|d New York, New York : Springer, [2015]
|z 9783319126661
|w (DLC)18441761
|
| 797 |
2 |
|
|a ProQuest (Firm)
|
| 856 |
4 |
0 |
|u https://ebookcentral.proquest.com/lib/matrademy/detail.action?docID=1963388
|z Click to View
|